| 000 -LEADER |
| fixed length control field |
00836cam a2200253 i 4500 |
| 001 - CONTROL NUMBER |
| control field |
17882556 |
| 005 - DATE AND TIME OF LATEST TRANSACTION |
| control field |
20180314050311.0 |
| 008 - FIXED-LENGTH DATA ELEMENTS--GENERAL INFORMATION |
| fixed length control field |
130911t20142014flu b 001 0 eng |
| 010 ## - LIBRARY OF CONGRESS CONTROL NUMBER |
| LC control number |
2013036868 |
| 020 ## - INTERNATIONAL STANDARD BOOK NUMBER |
| International Standard Book Number |
9781466507289 (hardback : alk. paper) |
| 040 ## - CATALOGING SOURCE |
| Original cataloging agency |
DLC |
| Language of cataloging |
eng |
| Transcribing agency |
DLC |
| Description conventions |
rda |
| Modifying agency |
DLC |
| 041 ## - LANGUAGE CODE |
| Language code of text/sound track or separate title |
eng |
| 042 ## - AUTHENTICATION CODE |
| Authentication code |
pcc |
| 080 ## - UNIVERSAL DECIMAL CLASSIFICATION NUMBER |
| Universal Decimal Classification number |
512.5 lip |
| 082 00 - DEWEY DECIMAL CLASSIFICATION NUMBER |
| Classification number |
512.5 lip |
| Edition number |
23 |
| 084 ## - OTHER CLASSIFICATION NUMBER |
| Classification number |
MAT000000 |
| -- |
MAT002000 |
| -- |
MAT003000 |
| Source of number |
bisacsh |
| 100 ## - Rafti |
| Rafti |
36 |
| 101 ## - Shkurtesa |
| Shkurtesa |
mat |
| 245 00 - TITLE STATEMENT |
| Title |
Handbook of linear algebra / |
| Statement of responsibility, etc |
edited by Leslie Hogben, Iowa State University Ames, USA. |
| 504 ## - BIBLIOGRAPHY, ETC. NOTE |
| Bibliography, etc |
Includes bibliographical references and indexes. |
| 906 ## - LOCAL DATA ELEMENT F, LDF (RLIN) |
| a |
7 |
| b |
cbc |
| c |
orignew |
| d |
1 |
| e |
ecip |
| f |
20 |
| g |
y-gencatlg |
| 942 ## - ADDED ENTRY ELEMENTS (KOHA) |
| Source of classification or shelving scheme |
|
| Item type |
Books |